|
|
|
|
| LEADER |
00000naa0a2200000 4500 |
| 001 |
593912 |
| 005 |
20241213120631.0 |
| 035 |
|
|
|a (RuTPU)RU\TPU\tpu\7753
|
| 035 |
|
|
|a TPU00000213
|
| 090 |
|
|
|a 593912
|
| 100 |
|
|
|a 20020118d1974 k||y0rusy50 ca
|
| 101 |
|
|
|a rus
|
| 102 |
|
|
|a RU
|
| 200 |
1 |
|
|a Автоматизация с помощью ЭВМ технологической подготовки производства гравировальных работ на фрезерных станках с числовым программным управлением
|f М. Н. Боголюбова, К. Б. Баблишев, В. И. Лившиц
|
| 463 |
|
|
|t Доклады 5-й научно-технической конференции "Технический прогресс в машиностроении"
|v С. 148-155
|d 1974
|
| 610 |
1 |
|
|a автоматизация
|
| 610 |
1 |
|
|a ЭВМ
|
| 610 |
1 |
|
|a технологическая подготовка
|
| 610 |
1 |
|
|a станки с ЧПУ
|
| 610 |
1 |
|
|a гравировальные работы
|
| 610 |
1 |
|
|a труды учёных ТПУ
|
| 700 |
|
1 |
|a Боголюбова
|b М. Н.
|c специалист в области машиностроения
|c доцент Томского политехнического университета, кандидат технических наук
|f 1940-
|g Мария Никитична
|3 (RuTPU)RU\TPU\pers\26419
|9 12123
|
| 701 |
|
1 |
|a Баблишев
|b К. Б.
|
| 701 |
|
1 |
|a Лившиц
|b В. И.
|
| 801 |
|
0 |
|a RU
|b 63413507
|c 20020118
|g PSBO
|
| 801 |
|
2 |
|a RU
|b 63413507
|c 20150425
|g PSBO
|
| 942 |
|
|
|c CR
|